000 nam a22 7a 4500
999 _c10371
_d10371
008 180215b ||||| |||| 00| 0 eng d
100 _aKumar, H
_96274
245 _aMega Computer -III
260 _aNew Delhi
_bP P Publication
_c2007